Kennedy (Record no. 145271)

MARC details
000 -LEADER
campo de control de longitud fija 00747nam a2200217 4500
001 - NÚMERO DE CONTROL
campo de control 145271
003 - IDENTIFICADOR DE NÚMERO DE CONTROL
campo de control ES-MaACL
005 - FECHA Y HORA DE LA ÚLTIMA TRANSACCIÓN
campo de control 20230906201211.0
007 - CAMPO FIJO DE DESCRIPCIÓN FÍSICA--INFORMACIÓN GENERAL
campo de control de longitud fija t|
008 - DATOS DE LONGITUD FIJA--INFORMACIÓN GENERAL
campo de control de longitud fija 070214s1966 sp r ||||1| spa d
100 1# - ENTRADA PRINCIPAL--NOMBRE DE PERSONA
Nombre de persona Sorensen, Theodore C.
9 (RLIN) 107341
245 10 - MENCIÓN DEL TÍTULO
Título Kennedy
Resto del título : el hombre y el presidente /
Mención de responsabilidad, etc. Theodore C. Sorensen ; esta versión castellana ha sido realizada por Agustín Gil.
250 ## - MENCION DE EDICION
Mención de edición 1ª ed.
260 ## - PUBLICACIÓN, DISTRIBUCIÓN, ETC.
Lugar de publicación, distribución, etc. Barcelona ;
-- México :
Nombre del editor, distribuidor, etc. Grijalbo,
Fecha de publicación, distribución, etc. 1966 (
Lugar de fabricación/manufactura Esplugas de Llobregat :
Fabricante Ariel)
300 ## - DESCRIPCIÓN FÍSICA
Extensión 2 v., 26 lám. ;
Dimensiones 22 cm.
490 1# - MENCIÓN DE SERIE
Mención de serie Biografías Gandesa
700 1# - ENTRADA AGREGADA--NOMBRE PERSONAL
Nombre de persona Gil Lasierra, Agustín.
9 (RLIN) 56831
830 0# - PUNTO DE ACCESO ADICIONAL DE SERIE-TÍTULO UNIFORME
Título uniforme Biografías Gandesa
9 (RLIN) 182648
852 ## - LOCALIZACIÓN
Ubicación ES-MaACL
Número de control de estantería C-29601-2
Sublocalización o colección R.59966
Holdings
Estatus retirado Estado de pérdida Estado de daño No para préstamo Biblioteca de origen Biblioteca actual Ubicación en estantería Fecha de adquisición Fuente de adquisición Total de préstamos Signatura topográfica completa Código de barras Visto por última vez Precio de reemplazo Tipo de ítem Koha
        Biblioteca del Ateneo de Madrid Biblioteca del Ateneo de Madrid Depósito 2 17/01/2008     C-29601-2 1151642 23/02/2023 23/02/2023 Libro impreso